| 000 | 00410nam a2200169Ia 4500 | ||
|---|---|---|---|
| 008 | 210210b1901 xxu||||| |||| 00| 0 eng d | ||
| 041 | _aeng | ||
| 082 | _a516/137 | ||
| 100 | _aTHORNTON (A) | ||
| 245 | _aTheoretical mechanics: solids | ||
| 260 |
_aLondon _bLongman Green & Co Ltd., _c1901 |
||
| 650 | _aTheoretical | ||
| 650 | _asolids | ||
| 650 | _amechanics: | ||
| 690 | _aMechanics | ||
| 906 | _a007853 | ||
| 999 |
_c140711 _d140711 |
||